Quizzes
Events
Quiz Creation
Community
Videos
Private Events
Remove Ads
Sign In
Join for FREE
Feedback
Dark Mode
Quiz Categories
Sports
Geography
Music
Movies
Television
Just For Fun
Miscellaneous
History
Literature
Language
Science
Gaming
Entertainment
Religion
Holiday
For Kids
Quiz Lab
Recent
Popular Today
Quiz Kudos Today
Editor Picks
Curator Picks
Quizzes by...
Day
Popularity
Type
Ratings
Length
Year
Community
Subscriptions
Recent Discussions
Orange Saloon
Badges
Playlists
Quests
Create
Leaderboards
Showdown
Live 5
Trivia Bingo
Activity
Puzzle Library
Sporcle Events
Private Events
Virtual Trivia
Globe League
Become a Host
Pub Owners
SporcleCon
Opinionation
Our Games
Videos
Blog
Mobile Apps
Partnerships
Remove Ads and Go Orange
Feedback
Geography
Country
Landmarks
City
State
Population
World
Capital
Continent
Flags
Europe
Africa
Asia
South America
North America
Oceania
Border
Canada
United Kingdom
Topography
United States
Geography
Country
Landmarks
City
State
Population
World
Capital
Continent
Flags
Europe
Africa
Asia
South America
North America
Oceania
Border
Canada
United Kingdom
Topography
United States
Random Quiz
Search Sporcle
×
Quiz Lab
Quiz Lab
Geography
Country
Type in answers that appear in a list
Type in answers that appear in a list
Classic
Best Score? Go Orange.
Best and Worst Environmental Countries Stats
Can you name the Best and Worst Countries based on Environmental Performance Index?
By
TriviaWiz
7m
30 Questions
849 Plays
849 Plays
849 Plays
Comments
Comments
Give Quiz Kudos
Give Quiz Kudos
-
- Ratings
hide this ad
More Info
Replay
Link that replays current quiz
Next Quiz
Link to next quiz in quiz playlist
You Got
0%
They Got
Avg Score
44%
Avg Friend Score
Upgrade to see
Score Distribution
Jump to the score distribution portion of the page
Score
0/30
Timer
07:00
0
Plays Today
List
Country
% Correct
Best
Sweden
86.9%
Best
Norway
86%
Best
United Kingdom
83.7%
Best
Finland
81.9%
Best
France
77%
Best
Iceland
75%
Best
Switzerland
68%
Best
New Zealand
61.1%
Best
Austria
57.2%
Worst
Niger
52.2%
Worst
Iraq
48.8%
Worst
Nigeria
48.4%
Worst
Chad
41.8%
Worst
United Arab Emirates
38.8%
Worst
Mali
35%
List
Country
% Correct
Best
Costa Rica
33.6%
Best
Cuba
33.3%
Worst
Central African Republic
32.3%
Worst
Haiti
30%
Worst
Angola
29.8%
Best
Colombia
29.7%
Worst
Togo
27.8%
Best
Malta
26.3%
Worst
Sierra Leone
26%
Worst
Benin
25.1%
Worst
Mauritania
24.1%
Best
Slovakia
22.3%
Worst
Botswana
21.8%
Worst
Turkmenistan
15.1%
Best
Mauritius
12.5%
Quiz Playlist
Details
Report
Send in Message
Add To Playlist
More Info:
Environmental performance is out of 100. It is based on Air quality, water resources, biodiversity, and other factors.
Classic:
Type in answers that appear in a list
Quiz Source
Last Updated: Feb 16, 2017
Quiz Scoreboard
CHALLENGE
Sign Up to Join the Scoreboard
Show All
Scores
Hide
Comments
May contain spoilers
Recently Published
TV Characters by Other Roles V
by ghcgh
Television
5m
Decade Duel: World Leaders
by jenniferyan
History
4m
Alphabetical 'K' Countries by Flag Minefield
by ylime102
Geography
3m
More to Explore
Quiz From the Vault
Featured Blog Post
15 Basketball Trivia Facts You Can Be March Mad About
hide this ad
You Might Also Like...
Tags
Country Quiz
Environment
Environmental
green
pollution
Top 15
Today's Top Quizzes in Geography
Browse Geography
hide this ad
Today's Top Quizzes in Country
Browse Country
Top Contributed Quizzes in Geography
1
Countries of the World - No Outlines Minefield
2
Least Populated Answer: 'G' Countries
3
Pick 6: Mountains
4
'A' Capitals Crossword
5
Countries of the World: 1800
6
Alphabetical 'L' Countries By Flag Minefield
7
Lietuvos savivaldybės (Lithuanian Municipalities)
8
Pick 6: National Parks
9
Pick 6: US States
10
Alphabetical 'M' Countries By Flag Minefield
Explore More
Trending Topics
Crossword
Harry Potter
NBA
Kpop
Marvel
Disney
Anime
Pokémon
Puzzle
Song
NFL
Country
Soccer
The Office
WWE
hide this ad
More By:
TriviaWiz
Quiz
Plays
Rating
Category
Featured
Created
Wine, Spirits, and Beer Countries
5,498
4.24
Geography
Jan 21, 2011
Most Common USA Trees
1,217
3.47
Geography
Dec 11, 2010
Best and Worst Environmental Countries
849
4.55
Geography
Jan 22, 2011
Keyboard Challenge: Blitz!
633
1.69
Just For Fun
Nov 9, 2010
Guess the Lyrics: New School Edition
619
2.40
Music
Nov 11, 2010
Go to Creator's Profile
Score Distribution
Quiz Creator Spotlight
TriviaWiz
Follow
Send a Message
Quizzes Created
-
Created Quiz Play Count
-
More By This Creator
Popular Quizzes Today
1
Countries of Asia Without Outlines Minefield
2
Find the US States - No Outlines Minefield
3
Pick 6: Fruits
4
The Countries of the World
5
Alphabetical 'K' Countries by Flag Minefield
6
Find the Countries of Europe - No Outlines Minefield
7
US States
8
Find the US States
More Geography Quizzes
US States Minesweeper II
Published
Trending Quizzes
Pick 6: Mountains
Pick 6: Harry Potter
Pick 6: Flags
Pick 6: NFL Teams
Pick 6: Movie Franchises
Recently Updated
Adaptations: Name the Title
pecheneg
NWSL Teams
pecheneg
Women's Final Four Teams by Year
bhenderson79
Presidents Quartet II
eogle
Anything But Clue(do)
eogle
Anything But Oceanian Capitals
eogle
Anything But 7
eogle
Anything But Thing
eogle
Word Ladder: February 29
pecheneg
Song Title Questions
pecheneg
Trending Topics
NBA
Marvel
Disney
Harry Potter
Kpop
Crossword
Anime
WWE
Soccer
Puzzle
Country
Pokémon
Song
The Office
NFL
Your Account Isn't Verified!
In order to create a playlist on Sporcle, you need to verify the email address you used during registration. Go to your
Sporcle Settings
to finish the process.
Report this User
Report this user for behavior that violates our
Community Guidelines
.
Details:
Send Report
Go to the Sporcle.com Mobile Site →
Comments